| 000 | 01273nam a22003617a 4500 | ||
|---|---|---|---|
| 003 | CHAP | ||
| 005 | 20220817042538.0 | ||
| 008 | 971013s1986 r 00010 d | ||
| 010 | _a47725 | ||
| 011 | _a48697 | ||
| 035 | _a52843 | ||
| 040 | _cCHAP | ||
| 090 | _aTesis | ||
| 100 | 0 | 0 |
_aPérez Valdez, Julio Joaquín. _990075 |
| 245 | _aEtiología y desarrollo epidemiológico de la bacteriosis del cilantro (Coriandrum sativum L.) en San Diego, Texcoco, Edo. de México | ||
| 260 |
_aChapingo, Méx. : _bEl autor, _c1986 |
||
| 300 |
_a62 h. _b: ilus. |
||
| 502 | _aTesis (M.C. Esp. en Fitopatología) -- CP. Centro de Fitopatología | ||
| 590 |
_aALEPH _b10 _c20130110 _lUCH01 _h1318 |
||
| 590 |
_aBATCH-UPD _b10 _c20130110 _lUCH01 _h0048 |
||
| 590 |
_aBATCH-UPD _b10 _c20130110 _lUCH01 _h1946 |
||
| 590 |
_aBATCH-UPD _b10 _c20130410 _lUCH01 _h1308 |
||
| 590 |
_aBATCH-UPD _b10 _c20130914 _lUCH01 _h0939 |
||
| 590 |
_aCONVERSION _b10 _c20130109 _lUCH01 _h1326 |
||
| 650 | 1 | 4 |
_aCilantro _xEnfermedades por bacterias. _923293 |
| 650 | 1 | 4 | _aEpidemiología. |
| 650 | 1 | 4 |
_aPseudomonas. _992568 |
| 650 | 1 | 4 |
_aSyringae. _9111157 |
| 901 | _aBK | ||
| 942 | _cFOLL | ||
| 949 |
_bBC _cTES _d-117459 _eTS1 _h18752 _i52843 _si |
||
| 949 |
_bBC _cTES _d33724000934709 _eTS2 _fc.2 _h18753 _i52843 _si |
||
| 999 |
_c47725 _d47725 |
||